000
00297nam a22001337a 4500
008
180918b xxu||||| |||| 00| 0 eng d
020
_a
9781437708844
041
_a
eng
080
_a
611
100
_a
6
101
_a
ANA
245
_a
Physical Medcine Rehalibition
_c
Chan.l
942
_2
udc
_c
BK
999
_c
47959
_d
47959